Catalog

Record Details

Catalog Search



Karel Havlíček : snahy a tužby politického obrození Cover Image Book Book

Karel Havlíček : snahy a tužby politického obrození T. G. Masaryk

Record details

  • Physical Description: 520 s.
  • Edition: 3. vyd.
  • Publisher: Praha Jan Laichter 1920

Available copies

  • 1 of 1 copy available at Common Catalog SPOK.

Holds

  • 0 current holds with 1 total copy.
Show Only Available Copies
Location Call Number / Copy Notes Barcode Shelving Location Status Due Date
ETS Library 943.7024 424470002549 Volný výběr Available -

LDR 00719nam a2 00241
00143929
003CZ-PrJAB
00520030506000000.0
008030506s1920 xr e |||| |cze
009cz
035 . ‡a(CONS)4768
035 . ‡aKPS4061
041 . ‡acze
08214. ‡a943.7024
100 . ‡72086 ‡aMasaryk, Tomáš G.
245 . ‡aKarel Havlíček : ‡bsnahy a tužby politického obrození ‡cT. G. Masaryk
250 . ‡a3. vyd.
260 . ‡aPraha ‡bJan Laichter ‡c1920
300 . ‡a520 s.
490 . ‡aLaichterův výbor nejlepších spisů poučných
653 . ‡aKarel Havlíček ‡asnahy a tužby politického obrození
8524 . ‡bETS ‡bETS ‡cVolný výběr ‡j943.7024 ‡gA ‡p424470002549
910 . ‡aABG450
999 . ‡a4768 ‡bAUTOGEN ‡c4768 ‡tbiblio
905 . ‡uadmin
901 . ‡a43929 ‡b ‡c43929 ‡tbiblio ‡sets

Additional Resources